| 000 | 00582nam a2200241Ia 4500 | ||
|---|---|---|---|
| 003 | OSt | ||
| 005 | 20221005133009.0 | ||
| 006 | a|||||r|||| 00| 0 | ||
| 007 | ta | ||
| 008 | 221004b |||||||| |||| 00| 0 tam d | ||
| 024 | _a52218 | ||
| 037 | _cTextual | ||
| 040 |
_aCRL _cCRL _btam |
||
| 041 |
_2tam _atam |
||
| 082 | _aV2y7M84w, 31M4 | ||
| 100 |
_aMani _9208860 |
||
| 245 | 0 | _aVeera murasu subramamya siva | |
| 260 | _c1984 | ||
| 300 |
_a367p. _ccm. |
||
| 650 | _aHISTORY | ||
| 942 |
_hV2y7M84w, 31M4 _cTEXL _2cc |
||
| 999 |
_c1065419 _d1065419 |
||